My Daily Meditations / (Record no. 3824)

MARC details
000 -LEADER
fixed length control field 00463nam a22001817a 4500
003 - CONTROL NUMBER IDENTIFIER
control field GBCCL
005 - DATE AND TIME OF LATEST TRANSACTION
control field 20241126110505.0
008 - FIXED-LENGTH DATA ELEMENTS--GENERAL INFORMATION
fixed length control field 171213b xxu||||| |||| 00| 0 eng d
040 ## - CATALOGING SOURCE
Transcribing agency gbc
082 ## - DEWEY DECIMAL CLASSIFICATION NUMBER
Classification number 242.2
Item number JOW
100 ## - MAIN ENTRY--PERSONAL NAME
Personal name Jowett, J.H.
9 (RLIN) 7035
245 ## - TITLE STATEMENT
Title My Daily Meditations /
Statement of responsibility, etc. J.H. Jowett
260 ## - PUBLICATION, DISTRIBUTION, ETC.
Name of publisher, distributor, etc. SAIACS ,
Place of publication, distribution, etc. Bangalore:
Date of publication, distribution, etc. 1990
300 ## - PHYSICAL DESCRIPTION
Extent 366 p.;
Dimensions 17 cm.
650 ## - SUBJECT ADDED ENTRY--TOPICAL TERM
Topical term or geographic name entry element Meditations
9 (RLIN) 1412
650 ## - SUBJECT ADDED ENTRY--TOPICAL TERM
Topical term or geographic name entry element Devotional Calenders
9 (RLIN) 7530
942 ## - ADDED ENTRY ELEMENTS (KOHA)
Source of classification or shelving scheme Dewey Decimal Classification
Koha item type Books
Holdings
Withdrawn status Lost status Source of classification or shelving scheme Damaged status Not for loan Home library Current Library Shelving location Date acquired Total checkouts Full call number Barcode Date last seen Copy number Price effective from Koha item type
    Dewey Decimal Classification     GRACE BIBLE COLLEGE GRACE BIBLE COLLEGE Ministry & Mission 2017-12-13   242.2 JOW 004336 2025-05-01 c.1 2017-12-13 Books
    Dewey Decimal Classification     GRACE BIBLE COLLEGE GRACE BIBLE COLLEGE Ministry & Mission 2017-12-13   242.2 JOW 004338 2025-05-01 c.3 2017-12-13 Books
    Dewey Decimal Classification     GRACE BIBLE COLLEGE GRACE BIBLE COLLEGE Ministry & Mission 2017-12-13   242.2 JOW 004337 2025-05-01 c.2 2017-12-13 Books
© Grace Bible College Library 2025